| 000 | 01006cab a2200253 4500 | ||
|---|---|---|---|
| 001 | ABS60665 | ||
| 008 | 090401t1999 xxu||||| |||| 00| 0 eng d | ||
| 035 | _a(Sirsi) u93793 | ||
| 041 | _aeng | ||
| 100 | _aMcIntosh, M. | ||
| 245 | _aAppeal Court offers no help to noise-afflicted tenants | ||
| 260 | _c1999 | ||
| 350 | _a0 | ||
| 490 |
_aCSM _bChartered Surveyor Monthly _v8(9) May 1999, 36-37(2) |
||
| 520 | _aConsiders whether tenants affected by noise from the day-to-day activities of neighbours due to poor sound insulation between flats can sustain an action against the mutual landlord. Three recent CA decisions seem to indicate that this is not a remedy in the absence of clear lease terms. | ||
| 650 | _aBAXTER V CAMDEN LBC (NO 1) | ||
| 650 | _aLANDLORDS | ||
| 650 | _aNOISE | ||
| 650 | _aSOUTHWARK LBC V MILLS AND OTHERS | ||
| 650 | _aTENANTS | ||
| 690 | _aPROPERTY-RESIDENTIAL PROPERTY-RESIDENTIAL LANDLORD AND TENANT-RESIDENTIAL TENANCIES | ||
| 942 | _n0 | ||
| 948 | _c08/06/1999 | ||
| 999 |
_c59445 _d59445 |
||